Com es combat el diabló de l'avellaner / per Joan Aguiló
Descripción Física:
11 p. ; 21 cm
Otros Autores:
Catalunya. Mancomunitat. Servei d'Arbres Fruiters
Materias:
Avellaner -- Malalties i plagues
MARC
| LEADER | 00000nam a2200000Ia 4500 | ||
|---|---|---|---|
| 001 | 2293 | ||
| 008 | 160829s1922 xx 000 0 cat d | ||
| 080 | |a RF-3-59 | ||
| 100 | |a Aguiló, Joan |9 24670 | ||
| 245 | |a Com es combat el diabló de l'avellaner / per Joan Aguiló | ||
| 260 | |a Barcelona : |b [Mancomunitat de Catalunya]. Servei d'Arbres Fruiters, |c 1922 | ||
| 300 | |a 11 p. ; |c 21 cm | ||
| 490 | |a Publicacions divulgadores dels Serveis Tècnics d'Agricultura | ||
| 590 | |a Hi ha un duplicat a: DUP-291 | ||
| 650 | |a Avellaner |x Malalties i plagues |9 23867 | ||
| 700 | |a Catalunya. Mancomunitat. Servei d'Arbres Fruiters |9 20132 | ||
| 856 | 4 | |u https://media.diba.cat/diba/fitxers/arxiu/fulletons/bib_2293_1922_baixa.pdf |y Accés lliure | |
| 856 | 4 | |u https://media.diba.cat/diba/fitxers/arxiu/fulletons/bib_2293_1922_baixa.pdf |y Accés lliure | |
| 901 | |a Arxiu | ||
| 942 | |n 1 |2 udc | ||
| 952 | |0 0 |1 0 |4 0 |6 RF359 |7 1 |9 43255 |a Arxiu |b Arxiu |d 2016-12-01 |l 0 |o RF-3-59 |p 2293 |r 2016-12-01 00:00:00 |w 2016-12-01 |y ARXIU | ||
| 999 | |c 45799 |d 45799 | ||
| 900 | |a bib_2293_1922_baixa.pdf | ||